000 00368nam a2200133Ia 4500
008 191201s2009 xx 000 0 und d
082 _a658.15
_bRAM
100 _aRANHUNATHAREDDY,D
245 0 _aManagerial Economics and financial analysis
260 _aChennai
_bScitech Publication Chennai and Hadrabad
_c2009
300 _aMISC
650 _aBBA
942 _2ddc
_cBK
_03
999 _c4971
_d4971